000 00641nam a2200241 a 4500
999 _c5915
_d5915
001 5915
003 BD-JhCC
005 20171230182213.0
008 171230s n |||| || | 000 0 eng d
035 _a(BD-JhCC)5915
040 _aBD-JhCC
_dBD-JhCC
041 _aeng
082 _a421.5
_bPAT
100 _aPatton, Bobby R.
245 _aResponsible Public Speaking /
_cBobby R. Patton, Kim Giffin & Wil A. Linkugel
260 _aNew York :
_bScott, Foresman and Company,
300 _a246 p. :
_c24 cm.
650 _aPublic Speaking
700 _aGiffin, Kim
700 _aLinkugel, Wil A.
942 _2ddc
_cBK